Constitutions of Asian countries. (Record no. 83305)

MARC details
000 -LEADER
fixed length control field 00622cam a22002291 4500
001 - CONTROL NUMBER
control field sa 68010062
003 - CONTROL NUMBER IDENTIFIER
control field DLC
005 - DATE AND TIME OF LATEST TRANSACTION
control field 20260227112549.0
008 - FIXED-LENGTH DATA ELEMENTS--GENERAL INFORMATION
fixed length control field 710915s1968 ii b 000 0 eng
010 ## - LIBRARY OF CONGRESS CONTROL NUMBER
LC control number sa 68010062
025 ## - OVERSEAS ACQUISITION NUMBER
Overseas acquisition number PL480:I-E-11000
040 ## - CATALOGING SOURCE
Original cataloging agency DLC
Transcribing agency DLC
Modifying agency DLC
050 00 - LIBRARY OF CONGRESS CALL NUMBER
Classification number KM524.A45
Item number A85 1968
082 00 - DEWEY DECIMAL CLASSIFICATION NUMBER
Classification number 342.5/01
110 2# - MAIN ENTRY--CORPORATE NAME
Corporate name or jurisdiction name as entry element Asian-African Legal Consultative Committee.
245 10 - TITLE STATEMENT
Title Constitutions of Asian countries.
260 ## - PUBLICATION, DISTRIBUTION, ETC.
Place of publication, distribution, etc. Bombay,
Name of publisher, distributor, etc. N. M. Tripathi,
Date of publication, distribution, etc. 1968.
300 ## - PHYSICAL DESCRIPTION
Extent viii, 1171 p.
Dimensions 26 cm.
350 ## - PRICE (NR) (BK AM CF MU VM SE) [OBSOLETE]
Price Rs55.00
504 ## - BIBLIOGRAPHY, ETC. NOTE
Bibliography, etc. note Includes bibliographies.
650 #0 - SUBJECT ADDED ENTRY--TOPICAL TERM
Topical term or geographic name entry element Constitutions.

No items available.

Powered by Koha